Rivers of The D.R.C - Statistics

General Stats
  • This quiz has been taken 6 times
  • The average score is 2 of 29
Answers on the Map
Answers color-coded by a green-red scale on the quiz's map according to % correct below.
 
Answer Stats
Answer % Correct
Congo
100%
Kasai
17%
Lua
17%
Ubangi
17%
Uele
17%
Aruwimi
0%
Busira
0%
Fimi
0%
Inkisi
0%
Kwa
0%
Kwango
0%
Kwilu
0%
Lokoro
0%
Lomami
0%
Lomela
0%
Lopori
0%
Lufira
0%
Lukenie
0%
Lukuga
0%
Lulonga
0%
Lulua
0%
Luvua
0%
Malinga
0%
Mbomou
0%
Mongala
0%
Ruki
0%
Sankuru
0%
Tshuapa
0%
Ulindi
0%
No matching quizzes found
Score Distribution
Percent of People with Each Score
Percentile by Number Answered
Your Score History
You have not taken this quiz